Statistiques concernant Si les clubs de foot avait un drapeau

Cliquez ici pour prendre le quiz!

Statistiques générales

  • Ce quiz a été pris 148 fois
  • Le résultat moyen est 11 sur 16

Statistiques - réponses

Réponse% Correct
Paris Saint-Germain
98%
Barcelone
95%
Real Madrid
95%
Olympique de Marseille
85%
Benfica
83%
Bayern Munich
77%
Celtic
74%
Copenhague
72%
Chelsea
71%
Manchester United
69%
Al Nassr
60%
Rome
54%
Borussia Dortmund
46%
Juventus
42%
Fenerbahçe
27%
Galaxy de Los Angeles
27%

Distribution des résultats

Percentile par nombre de réponses

% des personnes avec chaque résultat

Votre développement - résultats

Vous n’avez pas pris ce quiz